[Event "Montebelluna op-B 5th"]
[Site "Montebelluna"]
[Date "2007.03.10"]
[Round "3"]
[White "Soppelsa, Maurizio"]
[Black "Negro, Raffaele"]
[Result "0-1"]
[WhiteElo "1518"]
[BlackElo "1763"]
[PlyCount "120"]
[EventDate "2007.03.09"]
[EventType "swiss"]
[EventRounds "5"]
[EventCountry "ITA"]
[SourceTitle "EXT 2008"]
[Source "ChessBase"]
[SourceDate "2007.11.25"]
[SourceVersion "1"]
[SourceVersionDate "2007.11.25"]
[SourceQuality "1"]

1. c4 g6 2. Nc3 Bg7 3. g3 d6 4. Bg2 Nd7 5. d3 e5 6. Nf3 Ne7 7. 0-0 c6 8. Be3 Nf5 9. Bd2 0-0 10. Qc1 Qb6 11. Rb1 a5 12. g4 Ne7 13. Be3 Qc7 14. h3 f5 15. Bh6 fxg4 16. Bxg7 Kxg7 17. hxg4 Nf6 18. g5 Nh5 19. Nh2 Nf4 20. Ne4 Nxg2 21. Kxg2 Nf5 22. Rh1 Nh4+ 23. Kg3 Qd7 24. f3 Qh3+ 25. Kf2 Qg2+ 26. Ke3 Nf5+ 27. Kd2 Nd4 28. Qf1 Qxf1 29. Rbxf1 d5 30. cxd5 cxd5 31. Nf6 Ne6 32. Nxd5 Nxg5 33. Rfg1 h6 34. Ng4 Bxg4 35. Rxg4 Rad8 36. Nc3 Nf7 37. Rhh4 g5 38. Rh1 Kg6 39. Ke3 h5 40. Rg2 Rh8 41. Ne4 h4 42. Rhg1 Rh5 43. Kd2 b5 44. e3 h3 45. Rh2 b4 46. b3 Nd6 47. Nxd6 Rxd6 48. Rc1 e4 49. fxe4 g4 50. Rg1 Rg5 51. d4 Kh5 52. e5 Ra6 53. Kd3 Kh4 54. Ke4 g3 55. Rc2 h2 56. Rh1 Kh3 57. Kf4 Rag6 58. e6 g2 59. Rxh2+ Kxh2 60. e7 Rg4+ 0-1